[Event "Ontario op"]
[Site "Brantford CAN"]
[Date "2025.05.18"]
[Round "3"]
[White "Singh Dhaliwal, Jaipreet"]
[Black "Kola, Venkat Karthikeya R"]
[Result "0-1"]
[Annotator "GMPat"]
[WhiteElo "2275"]
[BlackElo "2159"]
[WhiteFideId "-1"]
[WhiteFideId "-1"]
[PlyCount "140"]
[GameId "2183051971543724"]
[EventDate "2025.05.17"]
[EventType "swiss"]
[EventRounds "6"]
[EventCountry "CAN"]

{[%evp 0,63,17,10,17,75,25,25,-41,18,13,18,19,15,18,15,20,27,-45,21,12,50,30,29,26,-2,-6,4,-7,-5,-9,-1,1,-5,13,-8,13,4,28,17,85,-1,134,102,78,100,80,121,66,68,121,68,54,65,55,-24,26,16,-55,17,-113,-1,23,-94,184,172]} 1. e4 c5 2. Nf3 d6 3. d4 cxd4 4. Nxd4 Nf6 5. Nc3 a6 6. Be3 e5 7. Nb3 Be7 8. f3 Be6 9. Qd2 h5 10. O-O-O Nbd7 11. Kb1 Rc8 12. g3 b5 13. Nd5 Nxd5 14. exd5 Bf5 15. Bd3 Bxd3 16. Qxd3 Qc7 17. c3 Rb8 18. Nd2 Nf6 19. Bg5 Ng8 20. h4 Rc8 21. Rc1 Qd7 22. c4 Nf6 23. cxb5 Rxc1+ 24. Rxc1 axb5 25. Bxf6 Bxf6 26. Rc6 O-O 27. Ne4 Be7 28. Qxb5 f5 29. Nc3 f4 30. gxf4 Rxf4 31. a4 Bxh4 32. a5 Bf2 33. Ne4 Qf5 34. Ka2 Bd4 35. Nxd6 Qh3 36. Rc8+ Kh7 37. Qd3+ Kh6 38. Rh8+ Kg5 39. Qh7 Qxf3 40. Qxg7+ Kh4 41. Qe7+ Kg3 42. Rg8+ Kf2 43. Qb7 h4 44. Qc6 Qd1 45. Nc4 Rf3 46. Qb5 h3 47. Rh8 Kg2 48. d6 Rf1 49. Ka3 Qd3+ 50. Ka2 Qb1+ 51. Ka3 Rf3+ 52. Ka4 Qc2+ 53. b3 Qa2+ 54. Na3 Bc5 55. Qc4 Rf4 56. d7 Rxc4+ 57. bxc4 Qxa3+ 58. Kb5 Be7 59. d8=Q Bxd8 60. Rxd8 h2 61. Rh8 Qh3 62. Rxh3 Kxh3 63. c5 h1=Q 64. c6 Qb1+ 65. Kc5 Qb8 66. Kd5 Kg4 67. Ke6 Qc7 68. Kd5 Qxa5+ 69. Kd6 e4 70. c7 Qxc7+ 0-1

[Event "Ontario op"]
[Site "Brantford CAN"]
[Date "2025.05.18"]
[Round "3"]
[White "Vettese, Nicholas"]
[Black "Li, William"]
[Result "1-0"]
[Annotator "GMPat"]
[WhiteElo "2501"]
[BlackElo "2284"]
[WhiteFideId "-1"]
[WhiteFideId "-1"]
[PlyCount "61"]
[GameId "2180205308907562"]
[EventDate "2025.05.17"]
[EventType "swiss"]
[EventRounds "6"]
[EventCountry "CAN"]

{[%evp 0,36,16,21,27,71,16,18,27,159,28,65,49,42,30,33,30,25,35,-44,7,23,14,13,31,17,-53,24,16,7,8,10,14,-35,-30,-28,2,110,-13]} 1. e4 c5 2. Nf3 Nc6 3. d4 cxd4 4. Nxd4 Nf6 5. Nc3 e5 6. Ndb5 d6 7. Bg5 a6 8. Na3 b5 9. Nd5 Be7 10. Bxf6 Bxf6 11. c3 Bg5 12. Nc2 Rb8 13. g3 O-O 14. h4 Bh6 15. Bh3 Be6 16. Kf1 a5 17. a3 Ne7 18. Bxe6 fxe6 19. Nde3 Bxe3 20. Nxe3 d5 21. Kg2 d4 22. Ng4 Nc6 23. cxd4 exd4 24. Rc1 Rb6 25. h5 a4 26. h6 g6 27. f4 e5 28. fxe5 Kh8 29. Rf1 Re8 30. Rf7 Nxe5 31. Nxe5 1-0

[Event "Ontario op"]
[Site "Brantford CAN"]
[Date "2025.05.18"]
[Round "3"]
[White "Wu, Nolan"]
[Black "Lin, Austin"]
[Result "1/2-1/2"]
[WhiteElo "2076"]
[BlackElo "2030"]
[WhiteFideId "-1"]
[WhiteFideId "-1"]
[PlyCount "104"]
[GameId "2184856608953520"]
[EventDate "2025.05.17"]
[EventType "swiss"]
[EventRounds "6"]
[EventCountry "CAN"]

1. e4 c5 2. Nf3 e6 3. g3 Nc6 4. Bg2 Nf6 5. Qe2 d5 6. exd5 Nxd5 7. Nc3 Be7 8. O-O O-O 9. Rd1 Qc7 10. Nxd5 exd5 11. d4 Rd8 12. Be3 cxd4 13. Nxd4 Nxd4 14. Bxd4 Be6 15. Rd2 Rd7 16. Rad1 b6 17. Qe3 Rad8 18. h3 Bc5 19. c3 Bxd4 20. Rxd4 Rd6 21. Bxd5 Bxd5 22. Rxd5 Rxd5 23. Rxd5 h6 24. Qd4 Rxd5 25. Qxd5 Qe7 26. c4 Kh7 27. Kg2 g6 28. a3 a5 29. b4 axb4 30. axb4 h5 31. c5 bxc5 32. bxc5 Kg7 33. Qd4+ Kh7 34. c6 Kg8 35. Qe3 Qd8 36. Qe5 Qa8 37. Kh2 Qxc6 38. g4 hxg4 39. hxg4 Qc4 40. Kg3 Qb3+ 41. f3 Qd1 42. Qe3 Kg7 43. g5 Qd5 44. f4 Kh7 45. Qf3 Qxf3+ 46. Kxf3 Kg7 47. Ke4 Kf8 48. Kd5 Ke8 49. Ke4 Kf8 50. Ke5 Ke7 51. f5 gxf5 52. Kxf5 Kf8 1/2-1/2

[Event "Ontario op"]
[Site "Brantford CAN"]
[Date "2025.05.18"]
[Round "3"]
[White "Xu, Leon"]
[Black "Atanasov, Anthony"]
[Result "1/2-1/2"]
[Annotator "GMPat"]
[WhiteElo "2210"]
[BlackElo "2522"]
[WhiteFideId "-1"]
[WhiteFideId "-1"]
[PlyCount "103"]
[GameId "2180287821127974"]
[EventDate "2025.05.17"]
[EventType "swiss"]
[EventRounds "6"]
[EventCountry "CAN"]

{[%evp 0,103,12,22,26,33,41,80,9,32,29,39,32,47,31,10,12,0,25,41,43,5,0,15,15,19,5,-27,-28,-36,-26,4,27,33,37,60,63,43,24,-18,-60,-76,-77,-7,48,13,0,13,2,2,-14,-15,-256,-54,-18,-18,-18,68,-26,-46,-57,-50,-11,-1,41,-27,-34,-37,-23,-123,1,-108,-118,-148,-101,-108,-111,-88,-244,-1,-158,-79,-1,-1,-8,1,7,-1,-16,-337,-328,-293,-370,-359,-235,-359,-351,-358,-351,-366,-367,-364,-365,-369,-358,-359]} 1. e4 c5 2. Nf3 Nc6 3. d4 cxd4 4. Nxd4 g6 5. Nc3 Bg7 6. Be3 Nf6 7. Bc4 O-O 8. Bb3 d5 9. exd5 Na5 10. Qf3 Bg4 11. Qg3 Bh5 12. d6 Nxb3 13. axb3 Ng4 14. h3 Nxe3 15. fxe3 e5 16. Ndb5 a6 17. Nc7 Rc8 18. N7d5 Kh8 19. Qh2 f5 20. Ne7 Rxc3 21. bxc3 f4 22. e4 Qxd6 23. Nd5 g5 24. O-O Bg6 25. Rfe1 Bxe4 26. Rxe4 Qxd5 27. Rae1 Qc5+ 28. Kh1 Qxc3 29. Qg1 Qxc2 30. Qb6 Qc3 31. Qxb7 Qg3 32. Qxa6 g4 33. Qe2 gxh3 34. Rxe5 Qg6 35. Re6 hxg2+ 36. Qxg2 Qh5+ 37. Qh2 Qf3+ 38. Qg2 Qh5+ 39. Qh2 Qd5+ 40. R1e4 f3 41. Qf2 Qh5+ 42. Rh4 Qd5 43. Rhe4 Bc3 44. Re8 Qh5+ 45. Qh2 Qxe8 46. Rxe8 Rxe8 47. Qf2 Re1+ 48. Kh2 Re2 49. Kg1 Re1+ 50. Kh2 Re2 51. Kg1 Rxf2 52. Kxf2 1/2-1/2

[Event "Ontario op"]
[Site "Brantford CAN"]
[Date "2025.05.18"]
[Round "3"]
[White "Zhang, Daniel"]
[Black "Filipovich, David"]
[Result "0-1"]
[WhiteElo "2135"]
[BlackElo "1997"]
[WhiteFideId "-1"]
[WhiteFideId "-1"]
[PlyCount "88"]
[GameId "2184574158679742"]
[EventDate "2025.05.17"]
[EventType "swiss"]
[EventRounds "6"]
[EventCountry "CAN"]

1. c4 g6 2. Nc3 Bg7 3. g3 c5 4. Bg2 Nc6 5. e3 e5 6. Nge2 Nge7 7. O-O O-O 8. a3 d6 9. Rb1 Be6 10. d3 d5 11. cxd5 Nxd5 12. Qc2 Rc8 13. b3 b6 14. Bb2 Nd4 15. exd4 cxd4 16. Qd2 dxc3 17. Nxc3 Nxc3 18. Bxc3 Qd7 19. Rfe1 Rfd8 20. Bf1 Rc5 21. Qb2 Qc7 22. Rec1 Bh6 23. Bd2 Bxd2 24. Qxd2 Rc8 25. Re1 Rc2 26. Qe3 Qc5 27. Qxc5 R8xc5 28. b4 R5c3 29. Rxe5 Rxa3 30. Re2 Rxe2 31. Bxe2 Bf5 32. b5 Bxd3 33. Bxd3 Rxd3 34. Ra1 Rb3 35. Rxa7 Rxb5 36. Kg2 g5 37. Kf3 Kg7 38. h3 Rb3+ 39. Ke4 Kg6 40. Ra8 b5 41. h4 gxh4 42. Ra6+ f6 43. gxh4 Rb4+ 44. Kd5 Rxh4 0-1

[Event "Ontario op"]
[Site "Brantford CAN"]
[Date "2025.05.18"]
[Round "3"]
[White "Zhuoyuan Xu, Ryan"]
[Black "Pitre, Lucas"]
[Result "1-0"]
[WhiteElo "2042"]
[BlackElo "2076"]
[WhiteFideId "-1"]
[WhiteFideId "-1"]
[PlyCount "53"]
[GameId "2184978054241022"]
[EventDate "2025.05.17"]
[EventType "swiss"]
[EventRounds "6"]
[EventCountry "CAN"]

{[%evp 0,53,17,31,36,32,27,34,39,32,33,33,25,37,37,40,38,36,41,50,36,7,46,-55,18,14,3,13,55,15,60,69,58,39,80,78,155,114,170,174,255,252,174,248,262,260,682,714,777,774,783,658,770,703,756,713]} 1. d4 d6 2. Nf3 Nf6 3. c4 g6 4. g3 Bg7 5. Bg2 O-O 6. Nc3 Nbd7 7. O-O e5 8. e4 Re8 9. Re1 c6 10. b3 a5 11. Bb2 exd4 12. Nxd4 Nc5 13. Qc2 Qc7 14. h3 h5 15. Rad1 Nfd7 16. Kh1 h4 17. g4 Ne5 18. f4 Ned7 19. Nf3 d5 20. exd5 Rxe1+ 21. Rxe1 Qxf4 22. Re8+ Kh7 23. Bc1 Nf6 24. Bxf4 Nxe8 25. dxc6 bxc6 26. Ng5+ Kg8 27. Bxc6 1-0

[Event "Ontario op"]
[Site "Brantford CAN"]
[Date "2025.05.18"]
[Round "4"]
[White "Aaroh Mutyalapati, Modith"]
[Black "Deshpande, Sarthak"]
[Result "1/2-1/2"]
[Annotator "GMPat"]
[WhiteElo "2159"]
[BlackElo "2035"]
[WhiteFideId "-1"]
[WhiteFideId "-1"]
[PlyCount "74"]
[GameId "2186371853701815"]
[EventDate "2025.05.17"]
[EventType "swiss"]
[EventRounds "6"]
[EventCountry "CAN"]

{[%evp 0,12,15,20,39,57,25,25,60,34,33,-5,-25,-86,-59]} 1. e4 c6 2. d4 d5 3. e5 Bf5 4. h4 h5 5. Bg5 Qb6 6. Bd3 Qxd4 7. Nf3 Qg4 8. Bxf5 Qxf5 9. c4 Qe4+ 10. Be3 e6 11. Nbd2 Bb4 12. Qb3 Qxc4 13. Qxc4 dxc4 14. Ke2 c3 15. bxc3 Bxc3 16. Rab1 Bxd2 17. Nxd2 b6 18. Nc4 Nd7 19. Rhd1 Nh6 20. Nd6+ Ke7 21. Nc4 Nf5 22. Bc1 c5 23. a4 Nd4+ 24. Kf1 Rab8 25. Ba3 Nc2 26. Bc1 Nb4 27. f4 f6 28. Kg1 Nc6 29. Bb2 a6 30. Rd6 Nd4 31. Bxd4 cxd4 32. Rxd4 fxe5 33. fxe5 b5 34. Na5 Rhc8 35. Rd6 Nxe5 36. Rxa6 bxa4 37. Re1 Ra8 1/2-1/2

[Event "Ontario op"]
[Site "Brantford CAN"]
[Date "2025.05.18"]
[Round "4"]
[White "Achyuth, Akshaj"]
[Black "Wu, Nolan"]
[Result "0-1"]
[WhiteElo "2024"]
[BlackElo "2076"]
[WhiteFideId "-1"]
[WhiteFideId "-1"]
[PlyCount "78"]
[GameId "2187773471991007"]
[EventDate "2025.05.17"]
[EventType "swiss"]
[EventRounds "6"]
[EventCountry "CAN"]

1. e4 c5 2. Nf3 d6 3. c3 Nf6 4. Bd3 Nc6 5. Bc2 e5 6. h3 g6 7. d3 h6 8. a4 Bg7 9. Be3 Be6 10. O-O O-O 11. d4 cxd4 12. cxd4 d5 13. dxe5 Nxe4 14. Nbd2 Bf5 15. Nb3 Nxe5 16. Nxe5 Bxe5 17. Nd4 Bd7 18. Bxh6 Re8 19. Bb3 Qf6 20. Be3 Bc6 21. Rc1 Rac8 22. Qd3 Qg7 23. Bc2 f5 24. f4 Bf6 25. Nxc6 bxc6 26. b4 d4 27. Bb3+ Kh8 28. Bd2 c5 29. Bc4 Qe7 30. Bb5 Red8 31. bxc5 Nc3 32. Qg3 Ne4 33. Qxg6 Nxd2 34. Qh6+ Kg8 35. Rcd1 Bg7 36. Qg6 Nxf1 37. Bc4+ Kf8 38. Qxf5+ Qf6 39. Qh7 Ne3 0-1

[Event "Ontario op"]
[Site "Brantford CAN"]
[Date "2025.05.18"]
[Round "4"]
[White "Bai Li, Triston"]
[Black "Zhang, Daniel"]
[Result "1/2-1/2"]
[WhiteElo "1992"]
[BlackElo "2135"]
[WhiteFideId "-1"]
[WhiteFideId "-1"]
[PlyCount "107"]
[GameId "2190954202604558"]
[EventDate "2025.05.17"]
[EventType "swiss"]
[EventRounds "6"]
[EventCountry "CAN"]

1. e4 c5 2. Nc3 Nc6 3. Bb5 Nd4 4. Nf3 g6 5. Bc4 e6 6. O-O Bg7 7. Nxd4 cxd4 8. Ne2 Ne7 9. d3 O-O 10. Bg5 h6 11. Bh4 g5 12. Bg3 d5 13. Bb3 e5 14. c3 dxc3 15. Nxc3 d4 16. Nd5 Be6 17. Nxe7+ Qxe7 18. Rc1 Rac8 19. Bxe6 Qxe6 20. Qa4 a6 21. Qb4 b5 22. b3 h5 23. f3 h4 24. Rxc8 Qxc8 25. Be1 h3 26. gxh3 Qxh3 27. Qd2 f6 28. Bg3 Rc8 29. Rc1 Bf8 30. Rc2 Ba3 31. Kf2 Qe6 32. Ke1 Kf7 33. Kd1 Qh3 34. Rxc8 Qxc8 35. Qc2 Qc3 36. Qxc3 dxc3 37. Kc2 b4 38. Bf2 Ke6 39. h3 Kf7 40. Bb6 Ke6 41. Be3 Kd6 42. Bb6 Ke6 43. d4 exd4 44. Bxd4 Kf7 45. Be3 Kg6 46. Bb6 Kf7 47. Bc7 Ke6 48. f4 gxf4 49. Bxf4 Kf7 50. Bc7 Kg6 51. h4 Kh5 52. Bd8 Kxh4 53. e5 Kg5 54. Bxf6+ 1/2-1/2

[Event "Ontario op"]
[Site "Brantford CAN"]
[Date "2025.05.18"]
[Round "4"]
[White "England, Max"]
[Black "Pan, Julian"]
[Result "1-0"]
[WhiteElo "2236"]
[BlackElo "1950"]
[WhiteFideId "-1"]
[WhiteFideId "-1"]
[PlyCount "67"]
[GameId "2190954202604555"]
[EventDate "2025.05.17"]
[EventType "swiss"]
[EventRounds "6"]
[EventCountry "CAN"]

1. Nf3 d5 2. g3 c5 3. Bg2 Nc6 4. d4 Nf6 5. O-O e6 6. c4 Be7 7. dxc5 Bxc5 8. a3 a5 9. cxd5 exd5 10. Qc2 Bb6 11. Nc3 Be6 12. Rd1 Qe7 13. Bg5 Rd8 14. e4 dxe4 15. Nxe4 O-O 16. Nxf6+ gxf6 17. Bh6 Rxd1+ 18. Rxd1 Rd8 19. Rc1 Rd5 20. Qe4 Rh5 21. Bd2 Rc5 22. Bc3 Rc4 23. Qe1 a4 24. Nd2 Rg4 25. Bf3 Rg6 26. Qd1 Qd6 27. Ne4 Qxd1+ 28. Bxd1 Nd4 29. Bh5 Rh6 30. Rd1 Bb3 31. Rxd4 Bxd4 32. Bxd4 Kg7 33. g4 Bd5 34. Nxf6 1-0

[Event "Ontario op"]
[Site "Brantford CAN"]
[Date "2025.05.18"]
[Round "4"]
[White "Filipovich, David"]
[Black "Xu, Leon"]
[Result "0-1"]
[Annotator "GMPat"]
[WhiteElo "1997"]
[BlackElo "2210"]
[WhiteFideId "-1"]
[WhiteFideId "-1"]
[PlyCount "74"]
[GameId "2190954202604556"]
[EventDate "2025.05.17"]
[EventType "swiss"]
[EventRounds "6"]
[EventCountry "CAN"]

{[%evp 0,74,17,32,4,-9,0,-8,18,-33,12,-6,-11,-22,-22,-7,-27,-59,-48,-54,-56,-53,-140,-62,-4,-19,-28,-29,-47,-36,-125,-49,-52,103,-52,-78,-122,-87,-80,-97,-81,-174,-142,-94,-140,-136,-144,-115,-161,-151,-118,-158,-69,-136,-125,-151,-155,-140,-153,-214,-224,-183,-261,-264,-119,-212,-257,-281,-48,-156,-84,-29993,-29994,-29995,-1191,-1231,-1212]} 1. Nf3 d5 2. g3 Nf6 3. Bg2 c6 4. c4 dxc4 5. Na3 b5 6. Ne5 Qc7 7. d4 Bb7 8. e4 e6 9. O-O Be7 10. Bf4 Qb6 11. Be3 Qa5 12. Nc2 O-O 13. a4 Qd8 14. Qd2 a6 15. Rfd1 Nbd7 16. Nxd7 Qxd7 17. Qc3 Rfd8 18. f3 Qc7 19. b3 cxb3 20. Qxb3 Nd7 21. Bf1 Nb6 22. axb5 cxb5 23. Rdc1 Rdc8 24. Nb4 Qd7 25. d5 Na4 26. dxe6 Qxe6 27. Nd5 Bxd5 28. exd5 Qd7 29. f4 Bf6 30. Rxc8+ Rxc8 31. Rc1 Rxc1 32. Bxc1 Nc3 33. Bg2 Qa7+ 34. Kf1 Qd4 35. Bb2 Qd3+ 36. Kg1 Ne2+ 37. Kf2 Qxb3 0-1

[Event "Ontario op"]
[Site "Brantford CAN"]
[Date "2025.05.18"]
[Round "4"]
[White "Hong, Zihan"]
[Black "Lalonde, Olivier"]
[Result "1/2-1/2"]
[Annotator "GMPat"]
[WhiteElo "2042"]
[BlackElo "2266"]
[WhiteFideId "-1"]
[WhiteFideId "-1"]
[PlyCount "52"]
[GameId "2185596090349418"]
[EventDate "2025.05.17"]
[EventType "swiss"]
[EventRounds "6"]
[EventCountry "CAN"]

{[%evp 0,28,17,34,9,10,28,20,20,13,7,9,50,2,12,11,7,-20,-18,-26,-41,-45,-50,-52,-39,-40,-45,-43,-39,-279,-272]} 1. d4 Nf6 2. Bf4 Nh5 3. Bd2 Nf6 4. Bf4 g6 5. Nc3 Nh5 6. Bd2 Bg7 7. Nf3 d5 8. h4 c5 9. e3 cxd4 10. exd4 Nc6 11. Be3 O-O 12. Qd2 Bf5 13. Be2 Nf6 14. Ne5 Nxe5 15. dxe5 Ne4 16. Nxe4 dxe4 17. Bd4 Qc7 18. Qc3 Qxc3+ 19. Bxc3 e3 20. fxe3 Bxc2 21. Bf3 Rab8 22. Rc1 Bf5 23. Bd4 Rfc8 24. Kd2 b6 25. Rxc8+ Rxc8 26. Rc1 Rxc1 1/2-1/2

[Event "Ontario op"]
[Site "Brantford CAN"]
[Date "2025.05.18"]
[Round "4"]
[White "Huang, Patrick"]
[Black "Atanasov, Anthony"]
[Result "0-1"]
[Annotator "GMPat"]
[WhiteElo "2209"]
[BlackElo "2522"]
[WhiteFideId "-1"]
[WhiteFideId "-1"]
[PlyCount "76"]
[GameId "2185529264587220"]
[EventDate "2025.05.17"]
[EventType "swiss"]
[EventRounds "6"]
[EventCountry "CAN"]

{[%evp 0,53,15,23,18,9,8,-6,7,102,12,14,14,4,6,2,1,-13,-6,0,-8,-33,-36,-30,-35,-44,-42,-83,73,-59,-144,-128,-164,-101,-143,-133,-122,-171,-193,-166,-164,-149,-142,-153,-126,-161,-129,-129,-131,-120,-120,-136,-118,-129,-87,-192]} 1. d4 d5 2. Bf4 c5 3. e3 cxd4 4. exd4 Nc6 5. c3 Bf5 6. Nd2 e6 7. Ngf3 a6 8. b4 Bd6 9. Bxd6 Qxd6 10. b5 axb5 11. Bxb5 Nge7 12. O-O O-O 13. c4 Bg4 14. c5 Qf4 15. Be2 Nf5 16. g3 Qh6 17. a4 Bh3 18. Nb3 Bxf1 19. Bxf1 Qf6 20. Bb5 Qe7 21. Qc2 Qc7 22. Re1 Kh8 23. Kg2 Nfe7 24. h4 Ng8 25. Qc3 Rae8 26. Nbd2 f6 27. Nb1 e5 28. Qd2 e4 29. Ng1 Qd7 30. Nc3 Nge7 31. Nh3 Qf5 32. Be2 Qc8 33. Nb5 Nf5 34. Bd1 Qd7 35. Kh2 Re7 36. Bg4 Ncxd4 37. Qxd4 Nxd4 38. Bxd7 Nf3+ 0-1

[Event "Ontario op"]
[Site "Brantford CAN"]
[Date "2025.05.18"]
[Round "4"]
[White "Kapra, Jerjis"]
[Black "Huang, Patrick"]
[Result "1-0"]
[WhiteElo "2270"]
[BlackElo "2046"]
[WhiteFideId "-1"]
[WhiteFideId "-1"]
[PlyCount "99"]
[GameId "2185579752183624"]
[EventDate "2025.05.17"]
[EventType "swiss"]
[EventRounds "6"]
[EventCountry "CAN"]

1. Nf3 Nf6 2. c4 e6 3. Nc3 d5 4. e3 Be7 5. b3 O-O 6. Bb2 b6 7. cxd5 Nxd5 8. Nxd5 Qxd5 9. Qc2 Bb7 10. Qxc7 Re8 11. Bc4 Qd7 12. Qxd7 Nxd7 13. Ke2 a6 14. d4 Nf6 15. Rac1 Bd6 16. Rhd1 Rad8 17. g3 h6 18. Bd3 Ne4 19. Nd2 Nxd2 20. Rxd2 f5 21. Kf1 g5 22. Kg1 Rb8 23. Bf1 g4 24. Bg2 Bd5 25. Re2 Kf7 26. e4 fxe4 27. Bxe4 h5 28. f3 gxf3 29. Bxf3 Bxf3 30. Rf1 Rbc8 31. Rxf3+ Kg6 32. Kg2 b5 33. Bc3 Bc7 34. Kh3 Bd6 35. Be1 Bf8 36. Rfe3 Kf7 37. d5 exd5 38. Rxe8 Rxe8 39. Rxe8 Kxe8 40. Kh4 Bc5 41. Kxh5 Be3 42. Kg4 Kf7 43. Kf5 Bd4 44. h4 Bg7 45. Bb4 Bd4 46. h5 Be3 47. Bd6 Bf2 48. g4 d4 49. Ke4 Kf6 50. Be5+ 1-0

[Event "Ontario op"]
[Site "Brantford CAN"]
[Date "2025.05.18"]
[Round "4"]
[White "Li, William"]
[Black "Lu, Tony"]
[Result "1/2-1/2"]
[WhiteElo "2284"]
[BlackElo "2195"]
[WhiteFideId "-1"]
[WhiteFideId "-1"]
[PlyCount "84"]
[GameId "2185572653590039"]
[EventDate "2025.05.17"]
[EventType "swiss"]
[EventRounds "6"]
[EventCountry "CAN"]

1. e4 e6 2. d4 d5 3. Nd2 Be7 4. c3 c5 5. Bd3 Nc6 6. Ne2 cxd4 7. cxd4 dxe4 8. Nxe4 Nf6 9. O-O O-O 10. Ng5 e5 11. dxe5 Nxe5 12. Bc2 h6 13. Ne4 Bg4 14. Qxd8 Rfxd8 15. f3 Be6 16. Nf4 Bc4 17. Re1 Nd3 18. Bxd3 Bxd3 19. Nxd3 Rxd3 20. Bf4 Nxe4 21. Rxe4 Bc5+ 22. Kf1 Rad8 23. Rc1 Rd1+ 24. Re1 Rxe1+ 25. Kxe1 Bb6 26. Ke2 g5 27. Bd2 f6 28. g4 Kf7 29. Rc4 Re8+ 30. Re4 Rxe4+ 31. fxe4 Ke6 32. Bc3 Bc7 33. Bd4 a6 34. h3 Be5 35. Kd3 Bxd4 36. Kxd4 Kd6 37. a3 a5 38. a4 b6 39. Kc4 Kc6 40. b3 Kd6 41. Kb5 Kc7 42. Ka6 Kc6 1/2-1/2

[Event "Ontario op"]
[Site "Brantford CAN"]
[Date "2025.05.18"]
[Round "4"]
[White "Lin, Austin"]
[Black "Pitre, Lucas"]
[Result "1/2-1/2"]
[WhiteElo "2030"]
[BlackElo "2076"]
[WhiteFideId "-1"]
[WhiteFideId "-1"]
[PlyCount "105"]
[GameId "2187782112139063"]
[EventDate "2025.05.17"]
[EventType "swiss"]
[EventRounds "6"]
[EventCountry "CAN"]

1. e4 d6 2. d4 Nf6 3. Nc3 e5 4. Nf3 Nbd7 5. Bc4 Be7 6. O-O O-O 7. a4 c6 8. Re1 h6 9. Qd3 exd4 10. Qxd4 Ng4 11. h3 Nge5 12. Nxe5 Nxe5 13. f4 Nxc4 14. Qxc4 Be6 15. Qe2 Bh4 16. Rd1 f5 17. Be3 fxe4 18. Nxe4 d5 19. Nc5 Bf5 20. c4 b6 21. Nd3 d4 22. Ne5 c5 23. Bf2 Bf6 24. Bg3 a5 25. Rd2 Qe7 26. Re1 Rae8 27. Qh5 Bxe5 28. Rxe5 Qd7 29. b3 Rxe5 30. fxe5 Be4 31. Kh2 Qf5 32. Qe2 Kf7 33. Qe1 Ke7 34. Rf2 Qh7 35. Rxf8 Kxf8 36. Qe2 Qf5 37. e6 Qxe6 38. Bc7 Kf7 39. Bxb6 d3 40. Qf2+ Ke8 41. Bxa5 Qe5+ 42. Qg3 Qb2 43. Qg4 Qe2 44. Qxe2 dxe2 45. Be1 Bc2 46. b4 cxb4 47. Bxb4 Bxa4 48. Kg1 g6 49. Kf2 Bd1 50. c5 Kd7 51. g4 Kc6 52. Bd2 h5 53. gxh5 1/2-1/2

[Event "Ontario op"]
[Site "Brantford CAN"]
[Date "2025.05.18"]
[Round "4"]
[White "Malakar, Saarthak"]
[Black "Ivanchuk, serghii"]
[Result "*"]
[Annotator "GMPat"]
[WhiteElo "2081"]
[BlackElo "2119"]
[WhiteFideId "-1"]
[WhiteFideId "-1"]
[PlyCount "97"]
[GameId "2186489257695359"]
[EventDate "2025.05.17"]
[EventType "swiss"]
[EventRounds "6"]
[EventCountry "CAN"]

1. d4 Nf6 2. Nf3 d5 3. g3 e6 4. Bg2 Be7 5. O-O O-O 6. c4 c6 7. Qc2 Nbd7 8. Rd1 Ne4 9. Nbd2 Nxd2 10. Bxd2 Nf6 11. c5 Ne4 12. Be1 Qc7 13. b4 Bf6 14. a4 Re8 15. b5 e5 16. dxe5 Bxe5 17. Nxe5 Qxe5 18. f3 Nf6 19. Ra2 Bf5 20. Qc1 h6 21. g4 Bd7 22. Bg3 Qe3+ 23. Qxe3 Rxe3 24. bxc6 Bxc6 25. Bf2 Rb3 26. Bd4 Nd7 27. a5 a6 28. Rdd2 Rb4 29. e3 Re8 30. f4 Nf6 31. Bxf6 gxf6 32. Kf2 Rb3 33. Bxd5 Bxd5 34. Rxd5 Rexe3 35. Rf5 Kg7 36. Rc2 Rh3 37. Kg2 Rhc3 38. Rxc3 Rxc3 39. Rd5 Rb3 40. c6 bxc6 41. Rc5 Rb5 42. Rxc6 Rxa5 43. Kg3 Ra2 44. f5 a5 45. Ra6 a4 46. Kh3 a3 47. Ra8 Ra1 48. Kh4 a2 49. Kh5 *

[Event "Ontario op"]
[Site "Brantford CAN"]
[Date "2025.05.18"]
[Round "4"]
[White "Maulucci, Anthony"]
[Black "Murali, Dhruv"]
[Result "0-1"]
[WhiteElo "2126"]
[BlackElo "2063"]
[WhiteFideId "-1"]
[WhiteFideId "-1"]
[PlyCount "110"]
[GameId "2187766398935193"]
[EventDate "2025.05.17"]
[EventType "swiss"]
[EventRounds "6"]
[EventCountry "CAN"]

1. d4 Nf6 2. c4 g6 3. Nc3 Bg7 4. e4 d6 5. Nge2 O-O 6. f3 c5 7. d5 e6 8. Ng3 exd5 9. cxd5 a6 10. a4 h5 11. Bg5 Qe8 12. Bd3 Nh7 13. Bf4 Qe7 14. Nge2 Nd7 15. O-O Ne5 16. Bc2 Rb8 17. a5 b5 18. axb6 Rxb6 19. Bc1 h4 20. f4 Ng4 21. h3 Ngf6 22. Qe1 Nh5 23. Na4 Rb4 24. Bd2 a5 25. Bc3 Ba6 26. Bxg7 Kxg7 27. Rf3 N7f6 28. Nec3 Ng3 29. e5 Nfh5 30. exd6 Qxd6 31. Qe5+ Qf6 32. Qxf6+ Nxf6 33. Rd1 Be2 34. Rfd3 Bxd1 35. Rxd1 Nd7 36. d6 Rxf4 37. Nd5 Rd4 38. Nab6 Rd8 39. Na4 Nf6 40. Nxf6 Rxd1+ 41. Bxd1 Kxf6 42. Nxc5 Rxd6 43. Bf3 Rd2 44. Nb3 Rxb2 45. Nxa5 Ne2+ 46. Kf1 Nd4 47. Be4 Nf5 48. Bf3 Kg5 49. Nc4 Ra2 50. Ne5 Kf4 51. Nd3+ Ke3 52. Ne1 Ng3+ 53. Kg1 Ra1 54. Bd1 Rxd1 55. Kh2 Nf1+ 0-1

[Event "Ontario op"]
[Site "Brantford CAN"]
[Date "2025.05.18"]
[Round "4"]
[White "Moses, Neil"]
[Black "Huang, Justin"]
[Result "1-0"]
[WhiteElo "2321"]
[BlackElo "1916"]
[WhiteFideId "-1"]
[WhiteFideId "-1"]
[PlyCount "87"]
[GameId "2186362148315788"]
[EventDate "2025.05.17"]
[EventType "swiss"]
[EventRounds "6"]
[EventCountry "CAN"]

1. Nf3 Nf6 2. e3 e6 3. d4 d5 4. c4 dxc4 5. Bxc4 c5 6. O-O Be7 7. Nc3 O-O 8. Qe2 Nbd7 9. Rd1 a6 10. a4 b6 11. d5 exd5 12. Nxd5 Nxd5 13. Bxd5 Ra7 14. e4 Qc7 15. e5 Kh8 16. Bf4 Bb7 17. e6 Qxf4 18. exd7 Qf6 19. Bxb7 Rxb7 20. Qxa6 Rc7 21. Rd2 Rd8 22. Rad1 Kg8 23. Qb5 Kf8 24. Rd5 Qe6 25. h3 f6 26. b3 Ra7 27. Nh2 Ra5 28. Qd3 g6 29. Nf1 Ra7 30. Ne3 Kg8 31. Nc4 Kf8 32. Qd2 Rb7 33. Na3 Ra7 34. Nb5 Rb7 35. Qd3 Kg8 36. Kf1 Kf8 37. Nc3 Ra7 38. Ne2 Kf7 39. Nf4 Qc6 40. Qc4 Kg7 41. R1d3 Kh8 42. Qb5 Rc7 43. Qxc6 Rxc6 44. Re3 1-0

[Event "Ontario op"]
[Site "Brantford CAN"]
[Date "2025.05.18"]
[Round "4"]
[White "Thong Nguyen, Minh"]
[Black "Li, Hongyi"]
[Result "1-0"]
[Annotator "GMPat"]
[WhiteElo "1971"]
[BlackElo "2079"]
[WhiteFideId "-1"]
[WhiteFideId "-1"]
[PlyCount "57"]
[GameId "2187061089304752"]
[EventDate "2025.05.17"]
[EventType "swiss"]
[EventRounds "6"]
[EventCountry "CAN"]

{[%evp 0,46,18,21,26,15,43,29,38,24,16,19,18,25,2,2,10,10,11,31,47,12,14,13,12,-14,23,-52,-3,44,66,62,7,33,67,-2,2,-11,139,262,785,262,236,238,619,-698,-747,-920,257]} 1. d4 c5 2. d5 e5 3. dxe6 fxe6 4. e4 Nc6 5. Nc3 Nf6 6. Bf4 Qa5 7. Qd2 d5 8. exd5 Nxd5 9. Nge2 Be7 10. O-O-O Nxf4 11. Nxf4 O-O 12. Bc4 Nd4 13. Nfe2 b5 14. Nxd4 cxd4 15. Nxb5 Qxd2+ 16. Kxd2 Rxf2+ 17. Kd3 Kh8 18. Rdf1 Rxf1 19. Rxf1 Ba6 20. Rf7 Bc5 21. Nc7 Kg8 22. Bxa6 Kxf7 23. Nxa8 Bd6 24. h3 e5 25. Ke4 Ke7 26. Kd5 Kd7 27. Bb5+ Ke7 28. Bc6 Bb8 29. b4 1-0